China... or Taiwan? - Statistics

General Stats
  • This quiz has been taken 2,779 times
    2,644 since last reset
  • The average score is 16 of 20
Answer Stats
Question Answer % Correct
The capital city is Taipei Taiwan
100%
Has Guangzhou as its largest metropolitan area China
98%
Has the giant panda as its official animal China
97%
Has Tsai Ing-wen as the president Taiwan
96%
Has the lowest point of 505 feet below sea level in Turpan Pendi, Xinjiang China
95%
Used to be called Formosa Taiwan
95%
Uses yuan/renminbi as its official currency China
90%
Produces around 193 million metric tons of rice a year China
89%
Has the blue magpie as its official bird Taiwan
86%
Is not part of the UN Taiwan
84%
Has the second highest GDP China
82%
Is roughly 80 miles off from the Japanese Yonaguni Island Taiwan
82%
Is officially known as the Republic of China Taiwan
80%
Consists of islands including Lantau and Hainan China
73%
It received its name on the first day of 1912 Taiwan
67%
Has a GDP per capita of 25,534 US dollars Taiwan
64%
Has an archipelago of 90 islands called Penghu County Taiwan
64%
Has a population density of 649 people per square kilometer Taiwan
60%
Officially has 22 counties Taiwan
57%
Has the highest point of 12,966 feet above sea level, at the peak of the Jade Mountain Taiwan
55%
No matching quizzes found
Score Distribution
Percent of People with Each Score
Percentile by Number Answered
Your Score History
You have not taken this quiz since the last reset